| 000 -LEADER |
| fixed length control field |
00812nam a22001577a 4500 |
| 005 - DATE AND TIME OF LATEST TRANSACTION |
| control field |
20260127151335.0 |
| 008 - FIXED-LENGTH DATA ELEMENTS--GENERAL INFORMATION |
| fixed length control field |
230718b ||||| |||| 00| 0 eng d |
| 040 ## - CATALOGING SOURCE |
| Transcribing agency |
SSBUL |
| Modifying agency |
SSBUL |
| 082 ## - DEWEY DECIMAL CLASSIFICATION NUMBER |
| Edition number |
23 |
| Classification number |
၃၂၈.၅၉၁ ပြည် ၁၆၀၆၆ (S-SAT) |
| 245 00 - TITLE STATEMENT |
| Title |
ပြည်သူ့လွှတ်တော်ကိုယ်စားလှယ်များ၏ ဆွေးနွေးတင်ပြချက်များအပေါ် နိုင်ငံတော်ကောင်စီနှင့်... / |
| 260 ## - PUBLICATION, DISTRIBUTION, ETC. |
| Date of publication, distribution, etc. |
၁၉၇၉။ |
| 300 ## - PHYSICAL DESCRIPTION |
| Extent |
၈၃ စာမျက်နှာ၊ |
| Dimensions |
၂၄ စင်တီ။ |
| 500 ## - GENERAL NOTE |
| General note |
S-SAT: Dr. Prof Sai Aung Tun |
| 650 ## - SUBJECT ADDED ENTRY--TOPICAL TERM |
| Topical term or geographic name entry element |
မြန်မာနိုင်ငံ ပြည်သူ့လွှတ်တော်။ |
| 9 (RLIN) |
28092 |
| 942 ## - ADDED ENTRY ELEMENTS (KOHA) |
| Source of classification or shelving scheme |
|
| Koha item type |
Book (Short term) |